| 000 | 00452nam a22001817a 4500 | ||
|---|---|---|---|
| 999 |
_c2939 _d2896 |
||
| 008 | 171214b xxu||||| |||| 00| | tur d | ||
| 020 | _a9789944122597 | ||
| 041 | _atur | ||
| 050 | _aPL248.E65 | ||
| 100 |
_91454 _aErdinç, Fahri |
||
| 245 | _aDestur Ya Sefalet | ||
| 250 | _a1. Baskı | ||
| 260 |
_aİstanbul _bYordam Kitap _cMart 2009 |
||
| 300 | _a224 sayfa | ||
| 500 | _aYordam Kitap : 68 | ||
| 650 | 0 |
_9145 _aTürk Edebiyatı |
|
| 942 |
_2lcc _cBK |
||